Adopt Me Trivia - Statistics

General Stats
  • This quiz has been taken 457 times
  • The average score is 7 of 15
Answer Stats
Question Answer % Correct
What was the first pet in adopt me? Blue dog
96%
What year was adopt me created? 2017
92%
What is the most valuable pet in all of adopt me? Shadow Dragon
84%
How many pets does it take to make a mega neon? 16
82%
How many robux is a ride potion? 150
58%
What building is in the center of Adoption Island? Nursery
54%
What egg is the Wild Boar from? Safari
53%
What alternative way can you complete the Bored task? Piano
38%
What company owns adopt me? Uplift Games
35%
How much does a Big Gift cost? 199
34%
What pet can not be made into a neon? Chick
28%
What pet was introduced with the new sky castle? Cobra
24%
How much did the 2021 Uplift Butterfly cost? 1500
23%
What task only comes after Camping? Sick
17%
After how many days do you get your Golden Egg? 180
12%
No matching quizzes found
Score Distribution
Percent of People with Each Score
Percentile by Number Answered
Your Score History
You have not taken this quiz